Notiz zu der Frage: Gab es um die Mitte des 17. Jahrhunderts am Kaiserhof eine "tschechische" bzw

Titel: Notiz zu der Frage: Gab es um die Mitte des 17. Jahrhunderts am Kaiserhof eine "tschechische" bzw : "böhmische Partei"?
Verfasser:
In: Kontakte und Konflikte, (1993), Seite 197-202
alle Artikel anzeigen
Veröffentlicht: 1993
Format: Aufsatz
Sprache: Deutsch
Kein Bild verfügbar
X
alg: 39222268
001A    $01999:11-11-16 
001B    $01999:29-03-21 $t21:48:46.000 
001D    $01999:11-11-16 
001U    $0utf8 
001X    $00 
002@    $0Aox 
003@    $039222268X 
007A    $039222268X $aHEB 
007T    $0Herdc0042776m 
010@    $ager 
011@    $a1993 
021A    $aNotiz zu der Frage: Gab es um die Mitte des 17. Jahrhunderts am Kaiserhof eine "tschechische" bzw $d"böhmische Partei"? 
028A    $aWinkelbauer $dThomas 
031A    $h197-202 $j1993 
039B    $aIn $8--Aauc--. @Kontakte und Konflikte. - Horn {[u.a.] : Waldviertler Heimatbund, 1993. - 553 S.. - Ill., graph. Darst., Kt.. - ISBN 3-900708-10-X $x199300000000000803 $9027138232 
045F    $a900.9437109032 $eDDC23BSB 
045F/01 $a900 
045F/03 $f09032 
045F/03 $f9033 
045F/03 $f9034 
045F/03 $g4371 

lok: 39222268 78

exp: 39222268 78 1 #EPN
201B/01 $026-11-17 $t01:02:19.000 
201U/01 $0utf8 
203@/01 $0788318942 
208@/01 $a11-11-16 $be 
209A/01 $a/ $f000 $x00 
220C/01 $aTitelaufnehmer: nk;an 
220C/01 $aHerkunft: HI Marburg 
244Z/01 $#Tschechien $#Tschechische Republik $#Tschechische Republik $#Tschechenland $#Tschechei Tschechien $#Česká Republika $#Czech Republic $#ČR $74303381-7 $8--Tg1--Tschechien $x01 $9086659812 
244Z/01 $2Trx $#Böhmen $#Bohemia $#Czechy $8--Trx--Čechy $x02 $9391188941 
244Z/01 $aGeschichte 1610-1684 $x03 
244Z/01 $2Trx $#aadel Böömimaa $#Čekijos bajorai $#gentry Bohemia $#nemesség Bohémia $#szlachta Czechy $#šľachta Čechy $#šlechta Čechy $8--Trx--Adel$gBöhmen $x04 $9391368141 
244Z/01 $2Trx $#Habsburgeri monarhia $#Habsburgų monarchija $#Habsburgian monarchy $#Habsburgmonarchia $#monarchia habsburska $#Habsburská monarchia $#Habsburská monarchie $8--Trx--Habsburgermonarchie $x05 $9391359606 
244Z/01 $2Trx $#seisused Böömimaa $#Čekijos valstybė $#Estates Bohemia $#rendek Bohémia $#stany czeskie $#stavy zemské Čechy $#stavy zemské Čechy $8--Trx--Stände$gBöhmen $x06 $9391359029 
244Z/01 $2Trx $8--Trx--Einzelbeiträge $x07 $9391384570 
245Z/01 $a06.03.03 $x01 
247C/01 $82080>Marburg/Lahn, Herder-Institut, Forschungsbibliothek, Bibliographieportal $9336309341
LEADER 00000caa a22000002c 4500
001 39222268X
003 DE-603
005 20210329214846.0
007 tu
008 161111s1993 xx |||| | u00||u|ger c
035 |a (DE-599)HEB39222268X 
040 |a DE-603  |b ger  |c DE-603  |d DE-603 
041 |a ger 
082 0 4 |8 1\u  |a 900.9437109032  |q DE-101  |2 23/BSB 
085 |8 1\u  |b 900 
085 |8 1\u  |z 1  |s 09032 
085 |8 1\u  |z 1  |s 9033 
085 |8 1\u  |z 1  |s 9034 
085 |8 1\u  |z 2  |s 4371 
100 1 |a Winkelbauer, Thomas 
245 0 0 |a Notiz zu der Frage: Gab es um die Mitte des 17. Jahrhunderts am Kaiserhof eine "tschechische" bzw  |b "böhmische Partei"? 
264 0 |c 1993 
773 0 8 |i In  |t Kontakte und Konflikte  |d Horn ˜[u.a.] œ: Waldviertler Heimatbund, 1993  |h 553 S., Ill., graph. Darst., Kt.  |z 390070810X  |g (1993), Seite 197-202  |w (DE-603)027138232 
924 0 |9 2080  |a (DE-603)788318942  |b DE-2080  |c HES  |d d  |g /